00335nam a2200121Ia 4500003000400000008004100004020001400045040000800059100002500067245007400092260003400166300001300200LDD181029s9999 xx 000 0 und d a122036107 cLDD aDATTAGUPTA, Sushanta 0aRelaxation phenomena in condensed matter physicscSushanta DATTAGUPTA aOrlandobAcademic pressc1987 axv, 309p